[Event "Montreal Mercredi 01"]
[Site "Montreal"]
[Date "2018.02.07"]
[Round "5"]
[White "Lebeau, Gilbert"]
[Black "Chang, Alexander Rz"]
[Result "1-0"]
[WhiteElo "1954"]
[BlackElo "1910"]
[PlyCount "95"]
[EventDate "2018.01.10"]
[EventType "swiss"]
[EventRounds "5"]
[EventCountry "CAN"]
[SourceTitle "EXT 2022"]
[Source "ChessBase"]
[SourceDate "2021.10.06"]
[SourceVersion "1"]
[SourceVersionDate "2021.10.06"]
[SourceQuality "1"]

1. d4 d5 2. c4 e6 3. Nc3 Nf6 4. Bg5 Be7 5. cxd5 exd5 6. Qc2 0-0 7. e3 Be6 8. Bd3 h6 9. Bh4 Nbd7 10. Nf3 c6 11. h3 Bd6 12. 0-0-0 b5 13. g4 Rc8 14. Kb1 b4 15. Ne2 c5 16. dxc5 Nxc5 17. Qd2 Be7 18. Bxf6 Bxf6 19. Nfd4 Qb6 20. f4 Ne4 21. Bxe4 dxe4 22. Nxe6 Qxe6 23. Qd5 Qxd5 24. Rxd5 Rfd8 25. Rhd1 Rxd5 26. Rxd5 Rd8 27. Rxd8+ Bxd8 28. Ng3 Bb6 29. Nxe4 Bxe3 30. f5 f6 31. Kc2 Kf7 32. Kd3 Bb6 33. Kc4 b3 34. Kxb3 Ke7 35. Kc4 Kd7 36. Kd5 a6 37. Nc5+ Bxc5 38. Kxc5 Kc7 39. b4 Kb7 40. Kd6 Kb6 41. a4 a5 42. b5 Kb7 43. Ke7 Kb6 44. Kf7 Kc5 45. Kxg7 Kd6 46. Kxf6 Kd5 47. Ke7 Kc5 48. f6 1-0

[Event "Montreal Mercredi 11"]
[Site "Montreal"]
[Date "2017.11.22"]
[Round "2"]
[White "Chang, Alexander Rz"]
[Black "Lebeau, Gilbert"]
[Result "1-0"]
[WhiteElo "1916"]
[BlackElo "1986"]
[PlyCount "53"]
[EventDate "2017.11.15"]
[EventType "swiss"]
[EventRounds "5"]
[EventCountry "CAN"]
[SourceTitle "EXT 2022"]
[Source "ChessBase"]
[SourceDate "2021.10.06"]
[SourceVersion "1"]
[SourceVersionDate "2021.10.06"]
[SourceQuality "1"]

1. e4 e6 2. d4 d5 3. exd5 exd5 4. Bd3 Nc6 5. c3 Bd6 6. Nf3 Bg4 7. 0-0 Nge7 8. Re1 Qd7 9. Nbd2 0-0-0 10. Qc2 f6 11. b4 Rde8 12. b5 Na5 13. a4 Bf5 14. Rxe7 Bxd3 15. Rxe8+ Rxe8 16. Qxd3 g5 17. Bb2 Qg4 18. Ba3 Bf4 19. Bb4 Nc4 20. Nxc4 dxc4 21. Qxc4 Qh5 22. d5 Kb8 23. a5 f5 24. b6 Re4 25. Qc5 g4 26. bxc7+ Kc8 27. d6 1-0

[Event "Montreal Mercredi 11"]
[Site "Montreal"]
[Date "2016.12.14"]
[Round "5"]
[White "Soudre, Nicolas"]
[Black "Lebeau, Gilbert"]
[Result "1-0"]
[WhiteElo "2210"]
[BlackElo "2071"]
[PlyCount "87"]
[EventDate "2016.11.16"]
[EventType "swiss"]
[EventRounds "5"]
[EventCountry "CAN"]
[SourceTitle "EXT 2022"]
[Source "ChessBase"]
[SourceDate "2021.10.06"]
[SourceVersion "1"]
[SourceVersionDate "2021.10.06"]
[SourceQuality "1"]

1. e4 e6 2. d4 d5 3. Nc3 Nf6 4. e5 Nfd7 5. f4 c5 6. Nf3 Nc6 7. Be3 a6 8. Qd2 b5 9. dxc5 Bxc5 10. Bxc5 Nxc5 11. Qf2 Qb6 12. Bd3 Bd7 13. 0-0 b4 14. Ne2 Na4 15. b3 Qxf2+ 16. Kxf2 Nb6 17. Ned4 g6 18. a3 a5 19. Nxc6 Bxc6 20. axb4 a4 21. bxa4 Bxa4 22. Ra3 Rc8 23. Nd4 0-0 24. Rfa1 Bd7 25. Ra7 Rb8 26. Rc7 Rfc8 27. Raa7 Rxc7 28. Rxc7 Kf8 29. Ra7 Ke8 30. Nb5 Bxb5 31. Bxb5+ Kf8 32. Bc6 Nc8 33. Rb7 Rxb7 34. Bxb7 Nb6 35. Ke3 Ke7 36. Bc6 f6 37. Kd4 fxe5+ 38. fxe5 Nc4 39. Bb5 Na3 40. Bd3 Kd7 41. Kc5 Nb1 42. b5 Nc3 43. b6 Nd1 44. Bb5+ 1-0

[Event "Montreal Mercredi 05"]
[Site "Montreal"]
[Date "2016.06.01"]
[Round "4"]
[White "Lebeau, Gilbert"]
[Black "Nunez, Omar"]
[Result "1/2-1/2"]
[WhiteElo "2053"]
[BlackElo "1972"]
[PlyCount "69"]
[EventDate "2016.05.11"]
[EventType "swiss"]
[EventRounds "5"]
[EventCountry "CAN"]
[SourceTitle "EXT 2022"]
[Source "ChessBase"]
[SourceDate "2021.10.06"]
[SourceVersion "1"]
[SourceVersionDate "2021.10.06"]
[SourceQuality "1"]

1. d4 c5 2. d5 d6 3. c4 g6 4. Nf3 Bg7 5. g3 Nf6 6. Nc3 0-0 7. Bg2 Na6 8. 0-0 Nc7 9. e4 a6 10. a4 b6 11. Ne1 Rb8 12. Nd3 Nd7 13. Qc2 b5 14. cxb5 axb5 15. b4 c4 16. Nb2 bxa4 17. Rxa4 Nb6 18. Ra3 Bxc3 19. Rxc3 Nb5 20. Re3 Bd7 21. Nd1 Qc7 22. Bb2 Rfc8 23. Nc3 Nxc3 24. Bxc3 Na4 25. Bd4 Rxb4 26. e5 Bf5 27. Qc1 c3 28. exd6 Qxd6 29. Be5 Qb6 30. Ree1 f6 31. Bf4 Qc5 32. Qa1 Nb2 33. Be3 Qd6 34. Bf4 Qc5 35. Be3 1/2-1/2

[Event "Montreal Mercredi 03"]
[Site "Montreal"]
[Date "2016.04.06"]
[Round "2"]
[White "Lebeau, Gilbert"]
[Black "Tremblay, Alain"]
[Result "0-1"]
[WhiteElo "2061"]
[BlackElo "2184"]
[PlyCount "86"]
[EventDate "2016.03.30"]
[EventType "swiss"]
[EventRounds "5"]
[EventCountry "CAN"]
[SourceTitle "EXT 2022"]
[Source "ChessBase"]
[SourceDate "2021.10.06"]
[SourceVersion "1"]
[SourceVersionDate "2021.10.06"]
[SourceQuality "1"]

1. d4 g6 2. c4 Bg7 3. g3 Nf6 4. Bg2 0-0 5. Nf3 d6 6. 0-0 Nc6 7. Nc3 a6 8. d5 Na5 9. Nd2 c5 10. Qc2 Rb8 11. b3 b5 12. Bb2 Bd7 13. Rab1 bxc4 14. bxc4 Qc7 15. Nce4 Rxb2 16. Rxb2 Nxe4 17. Bxe4 Bxb2 18. Qxb2 Rb8 19. Qc2 Rb4 20. h4 Bg4 21. f3 Bh3 22. Rf2 Qb6 23. h5 Rb2 24. Qd3 Qb4 25. e3 f5 26. hxg6 hxg6 27. a3 Qa4 28. Qc3 Rxd2 29. Rxd2 fxe4 30. Kh2 Bc8 31. Rc2 exf3 32. e4 Bd7 33. Rc1 Nb3 34. Re1 Nd4 35. e5 dxe5 36. Rxe5 f2 37. Kg2 f1Q+ 38. Kxf1 Qd1+ 39. Re1 Bh3+ 40. Kf2 Qg4 41. Qe3 Qf5+ 42. Qf4 Qc2+ 43. Ke3 Nf5+ 0-1

[Event "Montreal Mercredi 01"]
[Site "Montreal"]
[Date "2016.02.03"]
[Round "5"]
[White "Jacquet, Stephane"]
[Black "Lebeau, Gilbert"]
[Result "1-0"]
[WhiteElo "1972"]
[BlackElo "2055"]
[PlyCount "59"]
[EventDate "2016.01.06"]
[EventType "swiss"]
[EventRounds "5"]
[EventCountry "CAN"]
[SourceTitle "EXT 2022"]
[Source "ChessBase"]
[SourceDate "2021.10.06"]
[SourceVersion "1"]
[SourceVersionDate "2021.10.06"]
[SourceQuality "1"]

1. d4 d5 2. Nc3 Nf6 3. Bg5 e6 4. e4 Be7 5. e5 Nfd7 6. h4 0-0 7. Bd3 f5 8. exf6 Nxf6 9. Qe2 c5 10. dxc5 Nc6 11. 0-0-0 Bxc5 12. Nh3 Qa5 13. Bxf6 Rxf6 14. Qh5 g6 15. Qg5 Be7 16. h5 Rf5 17. Qg3 d4 18. hxg6 h6 19. Bxf5 dxc3 20. Qxc3 Qxc3 21. bxc3 exf5 22. Nf4 Bg5 23. g3 Kg7 24. Rhe1 a5 25. Re8 Rb8 26. Rd6 Bxf4+ 27. gxf4 a4 28. Rd1 a3 29. Rde1 Ra8 30. f3 1-0

[Event "Mercredi 2015.09.02 ABCD"]
[Site "Montreal"]
[Date "2015.09.23"]
[Round "4"]
[White "Tremblay, Alain"]
[Black "Lebeau, Gilbert"]
[Result "1/2-1/2"]
[WhiteElo "2097"]
[BlackElo "2103"]
[PlyCount "70"]
[EventDate "2015.09.02"]
[EventType "tourn"]
[EventRounds "5"]
[EventCountry "CAN"]
[SourceTitle "EXT 2019"]
[Source "ChessBase"]
[SourceDate "2018.10.10"]
[SourceVersion "1"]
[SourceVersionDate "2018.10.10"]
[SourceQuality "1"]

1. b4 e6 2. Bb2 Nf6 3. b5 d5 4. e3 c5 5. c4 Be7 6. Nf3 0-0 7. Be2 b6 8. Qb3 Bb7 9. d3 Nbd7 10. Nbd2 Qc7 11. 0-0 Rad8 12. h3 Rfe8 13. a4 e5 14. cxd5 Nxd5 15. Nc4 Bf6 16. Nfd2 Be7 17. Rfd1 Bf8 18. Rac1 Qb8 19. Bf3 N7f6 20. Ne4 Nxe4 21. dxe4 Nf6 22. Rxd8 Qxd8 23. Nxe5 Qc7 24. Nc6 Nxe4 25. Qd5 Nf6 26. Bxf6 gxf6 27. Qf5 Bc8 28. Qh5 f5 29. Bd5 Bg7 30. Rc4 Qd7 31. e4 fxe4 32. Rxe4 Rxe4 33. Bxe4 h6 34. Bf5 Qd2 35. Bxc8 Qc1+ 1/2-1/2

[Event "Mercredi 2015.05.13 ABCD"]
[Site "Montreal"]
[Date "2015.05.13"]
[Round "1"]
[White "Lopez Linares, Lizandro Fernando"]
[Black "Lebeau, Gilbert"]
[Result "1-0"]
[WhiteElo "2215"]
[BlackElo "2073"]
[PlyCount "71"]
[EventDate "2015.05.13"]
[EventType "tourn"]
[EventRounds "5"]
[EventCountry "CAN"]
[SourceTitle "EXT 2019"]
[Source "ChessBase"]
[SourceDate "2018.10.10"]
[SourceVersion "1"]
[SourceVersionDate "2018.10.10"]
[SourceQuality "1"]

1. d4 d5 2. Nf3 Nf6 3. c4 c6 4. Nc3 dxc4 5. a4 Bf5 6. e3 e6 7. a5 Bb4 8. Qa4 Qe7 9. Bxc4 0-0 10. 0-0 Nbd7 11. Qb3 b5 12. Be2 a6 13. Bd2 c5 14. dxc5 Bxc5 15. Na2 e5 16. Bb4 Be6 17. Qa3 Bxa2 18. Bxc5 Qxc5 19. Qxa2 e4 20. Nd4 Qg5 21. Rac1 Ne5 22. Qa3 Rac8 23. Qd6 Nd3 24. Rxc8 Rxc8 25. Qxa6 Qc5 26. h3 h6 27. Ra1 Nd5 28. Bg4 Rb8 29. Qc6 Qxc6 30. Nxc6 Ra8 31. Be2 Ra6 32. Nd4 N5b4 33. f3 f5 34. Nxf5 Nc2 35. Rd1 Nxb2 36. Rd2 1-0

[Event "Montreal Mercredi 04"]
[Site "Montreal"]
[Date "2015.04.22"]
[Round "4"]
[White "Tremblay, Alain"]
[Black "Lebeau, Gilbert"]
[Result "1/2-1/2"]
[WhiteElo "2053"]
[BlackElo "2082"]
[PlyCount "137"]
[EventDate "2015.04.01"]
[EventType "swiss"]
[EventRounds "5"]
[EventCountry "CAN"]
[SourceTitle "EXT 2022"]
[Source "ChessBase"]
[SourceDate "2021.10.06"]
[SourceVersion "1"]
[SourceVersionDate "2021.10.06"]
[SourceQuality "1"]

1. c4 c5 2. Nf3 Nf6 3. g3 g6 4. Bg2 Bg7 5. 0-0 0-0 6. d4 cxd4 7. Nxd4 Nc6 8. Nc3 Nxd4 9. Qxd4 d6 10. Qd3 Nd7 11. b3 Nc5 12. Qd2 Bf5 13. Bb2 Qd7 14. Rad1 a5 15. Nd5 Ra6 16. Bxg7 Kxg7 17. e4 Bg4 18. f3 Be6 19. Qe3 Bxd5 20. Rxd5 Qc7 21. e5 Ne6 22. exd6 Rxd6 23. Rfd1 Rfd8 24. Rxd6 Rxd6 25. Re1 b6 26. f4 Qc5 27. Qxc5 bxc5 28. Bd5 Kf6 29. Bxe6 Rxe6 30. Rd1 a4 31. Kf2 axb3 32. axb3 Rd6 33. Rd5 Rb6 34. Rd3 h5 35. Kf3 e5 36. Re3 exf4 37. Kxf4 g5+ 38. Kf3 Kf5 39. h3 g4+ 40. Kg2 Re6 41. Rd3 Re2+ 42. Kf1 Re5 43. Kg2 Ke4 44. Rd7 Rf5 45. hxg4 hxg4 46. Rd1 Rf3 47. Re1+ Re3 48. Rxe3+ Kxe3 49. b4 cxb4 50. c5 b3 51. c6 b2 52. c7 b1Q 53. c8Q Qe4+ 54. Kh2 Kf2 55. Qc5+ Qe3 56. Qf5+ Qf3 57. Qc5+ Ke2 58. Qc4+ Ke3 59. Qc5+ Ke4 60. Qc4+ Ke5 61. Qc5+ Kf6 62. Qd6+ Kg5 63. Qe5+ Kg6 64. Qd6+ f6 65. Qb8 Qe2+ 66. Kg1 Qe5 67. Qg8+ Kf5 68. Qh7+ Ke6 69. Qg8+ 1/2-1/2

[Event "Montreal Mercredi 04"]
[Site "Montreal"]
[Date "2015.04.01"]
[Round "1"]
[White "Rousseau, Daniel"]
[Black "Lebeau, Gilbert"]
[Result "1-0"]
[WhiteElo "2115"]
[BlackElo "2082"]
[PlyCount "115"]
[EventDate "2015.04.01"]
[EventType "swiss"]
[EventRounds "5"]
[EventCountry "CAN"]
[SourceTitle "EXT 2022"]
[Source "ChessBase"]
[SourceDate "2021.10.06"]
[SourceVersion "1"]
[SourceVersionDate "2021.10.06"]
[SourceQuality "1"]

1. e4 e6 2. d4 d5 3. Nc3 Nf6 4. e5 Nfd7 5. f4 c5 6. Nf3 Nc6 7. Be3 a6 8. Qd2 b5 9. a3 Qa5 10. dxc5 Bxc5 11. Bxc5 Nxc5 12. Nd4 Nxd4 13. Qxd4 Qc7 14. Bd3 0-0 15. 0-0 Nxd3 16. cxd3 g6 17. Rac1 Qe7 18. Ne2 b4 19. a4 a5 20. Rc5 Qd8 21. Rfc1 Ba6 22. g3 Qb6 23. Kf2 Rfd8 24. Ke3 Kf8 25. Rc7 Qxd4+ 26. Nxd4 Rdc8 27. Rxc8+ Bxc8 28. Rc7 Ke8 29. b3 Bd7 30. Nf3 Kd8 31. Rc5 h6 32. Kd4 Ra6 33. g4 Bc6 34. Rc1 Kd7 35. Ke3 d4+ 36. Nxd4 Bd5 37. Rc5 Ra8 38. Kd2 Ra6 39. Kc2 Ra8 40. Kb2 Ra6 41. Nc2 Rc6 42. Rxa5 Rc3 43. Rxd5+ exd5 44. Nxb4 d4 45. a5 Ke6 46. a6 Rc7 47. Ka3 g5 48. fxg5 hxg5 49. Ka4 Kd7 50. Kb5 f6 51. exf6 Kc8 52. Kb6 Kb8 53. a7+ Ka8 54. Nd5 Rb7+ 55. Kc5 Kxa7 56. b4 Rh7 57. Kxd4 Rxh2 58. Ke5 1-0

[Event "Montreal Mercredi 01"]
[Site "Montreal"]
[Date "2015.02.04"]
[Round "5"]
[White "Lebeau, Gilbert"]
[Black "Pomerantz, Daniel"]
[Result "0-1"]
[WhiteElo "2020"]
[BlackElo "1956"]
[PlyCount "62"]
[EventDate "2015.01.07"]
[EventType "swiss"]
[EventRounds "5"]
[EventCountry "CAN"]
[SourceTitle "EXT 2022"]
[Source "ChessBase"]
[SourceDate "2021.10.06"]
[SourceVersion "1"]
[SourceVersionDate "2021.10.06"]
[SourceQuality "1"]

1. d4 Nf6 2. c4 e6 3. Nf3 b6 4. g3 Bb7 5. Bg2 Be7 6. Nc3 Ne4 7. Qc2 Nxc3 8. Qxc3 0-0 9. 0-0 c5 10. Rd1 d6 11. dxc5 bxc5 12. Bf4 Qc7 13. Qc2 g6 14. e4 Nc6 15. h4 Rfd8 16. h5 a5 17. Qe2 Bf6 18. Nh2 Nd4 19. Qg4 e5 20. Bg5 Qe7 21. Bxf6 Qxf6 22. Rf1 Bc8 23. Qd1 Be6 24. b3 a4 25. Qd3 Rab8 26. Rab1 axb3 27. axb3 Rb4 28. Rfc1 Ra8 29. f4 Ra3 30. fxe5 Qxe5 31. Rc3 Ne2+ 0-1

[Event "Montreal Mercredi 01"]
[Site "Montreal"]
[Date "2015.01.07"]
[Round "1"]
[White "Lebeau, Gilbert"]
[Black "Ouellet, Maili Jade"]
[Result "1-0"]
[WhiteElo "2020"]
[BlackElo "1994"]
[PlyCount "125"]
[EventDate "2015.01.07"]
[EventType "swiss"]
[EventRounds "5"]
[EventCountry "CAN"]
[SourceTitle "EXT 2022"]
[Source "ChessBase"]
[SourceDate "2021.10.06"]
[SourceVersion "1"]
[SourceVersionDate "2021.10.06"]
[SourceQuality "1"]

1. d4 d5 2. c4 e6 3. Nf3 Nf6 4. Nc3 c6 5. e3 Be7 6. Bd3 dxc4 7. Bxc4 b5 8. Bd3 a6 9. 0-0 0-0 10. Qe2 Bb7 11. Rd1 Qc7 12. e4 c5 13. dxc5 b4 14. Na4 Nbd7 15. Bg5 Bc6 16. Nb6 Nxb6 17. cxb6 Qxb6 18. Ne5 Rfd8 19. Nxc6 Qxc6 20. Rac1 Qb7 21. h4 a5 22. b3 e5 23. g3 h6 24. Bxf6 Bxf6 25. Bc4 Qa7 26. Rd5 Rxd5 27. Bxd5 Re8 28. Qb5 Rb8 29. Qc6 Rd8 30. Rc5 Be7 31. Rc4 Bf6 32. Kf1 Rf8 33. Ke2 Rd8 34. Qc5 Rd7 35. Qc8+ Bd8 36. Rc5 Kh7 37. Rc4 Bb6 38. Bc6 Rd8 39. Qf5+ Kg8 40. Bd5 Bd4 41. g4 Qd7 42. Rc6 Qxf5 43. gxf5 Rb8 44. Rc7 Rf8 45. h5 Bb6 46. Rb7 Bd4 47. f3 Bg1 48. Kd3 Bd4 49. Rb5 Rc8 50. Rxa5 Rc3+ 51. Kd2 Kf8 52. Ra8+ Ke7 53. Rb8 Rxf3 54. Rb7+ Kd6 55. Rxf7 Rf2+ 56. Ke1 Rxa2 57. Rxg7 Bc3+ 58. Kf1 Ra1+ 59. Ke2 Ra2+ 60. Kf3 Ra1 61. Rg6+ Ke7 62. f6+ Kf8 63. Rg8# 1-0

[Event "Montreal Mercredi 10"]
[Site "Montreal"]
[Date "2014.10.22"]
[Round "2"]
[White "Lebeau, Gilbert"]
[Black "Jacquet, Stephane"]
[Result "0-1"]
[WhiteElo "1980"]
[BlackElo "2030"]
[PlyCount "40"]
[EventDate "2014.10.15"]
[EventType "swiss"]
[EventRounds "5"]
[EventCountry "CAN"]
[SourceTitle "EXT 2022"]
[Source "ChessBase"]
[SourceDate "2021.10.06"]
[SourceVersion "1"]
[SourceVersionDate "2021.10.06"]
[SourceQuality "1"]

1. d4 d5 2. c4 e6 3. Nf3 Nf6 4. e3 Bb4+ 5. Bd2 c5 6. dxc5 Bxc5 7. Nc3 0-0 8. Bd3 Nc6 9. 0-0 Qe7 10. a3 a5 11. cxd5 exd5 12. h3 Ne5 13. Nxe5 Qxe5 14. Nb5 Ne4 15. Bxe4 dxe4 16. Bc3 Qg5 17. h4 Qxh4 18. Qd5 Ra6 19. Qe5 Rg6 20. g3 Bxe3 0-1

[Event "Montreal Mercredi 05"]
[Site "Montreal"]
[Date "2014.06.11"]
[Round "5"]
[White "Lebeau, Gilbert"]
[Black "Boudreau, Daniel"]
[Result "0-1"]
[WhiteElo "2013"]
[BlackElo "2080"]
[PlyCount "114"]
[EventDate "2014.05.14"]
[EventType "swiss"]
[EventRounds "5"]
[EventCountry "CAN"]
[SourceTitle "EXT 2022"]
[Source "ChessBase"]
[SourceDate "2021.10.06"]
[SourceVersion "1"]
[SourceVersionDate "2021.10.06"]
[SourceQuality "1"]

1. d4 Nf6 2. c4 e6 3. Nc3 Bb4 4. f3 d5 5. a3 Bxc3+ 6. bxc3 Nh5 7. Kf2 Qh4+ 8. g3 Nxg3 9. hxg3 Qxh1 10. Nh3 e5 11. Ng1 exd4 12. Qxd4 0-0 13. cxd5 Rd8 14. Bb2 Qh2+ 15. Bg2 Qh5 16. c4 f6 17. e4 Nc6 18. Qc3 Ne5 19. Ne2 Qf7 20. Nf4 c6 21. Nd3 Nxd3+ 22. Qxd3 cxd5 23. cxd5 Bd7 24. Re1 Rac8 25. f4 Ba4 26. Bh3 Bd7 27. Bg2 Bg4 28. Kg1 Qg6 29. Bc3 h5 30. Qd4 h4 31. Re3 h3 32. Bf1 a6 33. Bd3 Qh5 34. Kh2 Bf3 35. Bf1 b5 36. d6 Bg2 37. Bxg2 hxg2+ 38. Kxg2 Rd7 39. e5 Rcd8 40. Bb4 fxe5 41. fxe5 Qf5 42. Qd5+ Rf7 43. Rf3 Qxf3+ 44. Qxf3 Rxf3 45. Kxf3 Kf7 46. Ke4 Ke6 47. Kd4 Rc8 48. Bc5 Rc6 49. Bb4 Rc4+ 50. Ke3 Rc1 51. Kd4 Rg1 52. Kc5 Rxg3 53. Kc6 Rg4 54. Kb6 Re4 55. Kxa6 Rxe5 56. Kb6 g5 57. Kc7 Rd5 0-1

[Event "Montreal Mercredi 04"]
[Site "Montreal"]
[Date "2014.04.30"]
[Round "5"]
[White "Lebeau, Gilbert"]
[Black "Tremblay, Alain"]
[Result "0-1"]
[WhiteElo "2015"]
[BlackElo "2145"]
[PlyCount "66"]
[EventDate "2014.04.02"]
[EventType "swiss"]
[EventRounds "5"]
[EventCountry "CAN"]
[SourceTitle "EXT 2022"]
[Source "ChessBase"]
[SourceDate "2021.10.06"]
[SourceVersion "1"]
[SourceVersionDate "2021.10.06"]
[SourceQuality "1"]

1. d4 d6 2. c4 Nf6 3. Nc3 g6 4. e4 Bg7 5. Bd3 Nc6 6. Nge2 0-0 7. 0-0 e5 8. d5 Nd4 9. Nxd4 exd4 10. Ne2 Nd7 11. Ng3 Ne5 12. Qc2 c5 13. f3 Bd7 14. Bd2 Re8 15. Rf2 Qe7 16. Re1 Rab8 17. h3 b5 18. b3 bxc4 19. bxc4 Qh4 20. Ne2 Ba4 21. Qxa4 Nxd3 22. g3 Qe7 23. Rff1 Nxe1 24. Rxe1 Rb7 25. Nf4 Reb8 26. Nd3 Rb1 27. Rxb1 Rxb1+ 28. Kf2 h5 29. Bf4 Rb6 30. g4 hxg4 31. hxg4 Qh4+ 32. Bg3 Qh1 33. Ke2 Rb1 0-1

[Event "Montreal Mercredi 04"]
[Site "Montreal"]
[Date "2014.04.09"]
[Round "2"]
[White "Lebeau, Gilbert"]
[Black "Cloutier, Mathieu"]
[Result "1-0"]
[WhiteElo "2015"]
[BlackElo "2072"]
[PlyCount "59"]
[EventDate "2014.04.02"]
[EventType "swiss"]
[EventRounds "5"]
[EventCountry "CAN"]
[SourceTitle "EXT 2022"]
[Source "ChessBase"]
[SourceDate "2021.10.06"]
[SourceVersion "1"]
[SourceVersionDate "2021.10.06"]
[SourceQuality "1"]

1. d4 Nf6 2. c4 c5 3. d5 e6 4. Nc3 exd5 5. cxd5 d6 6. e4 g6 7. Bd3 Bg7 8. h3 a6 9. a4 Nfd7 10. Nf3 Ne5 11. Nxe5 Bxe5 12. 0-0 Qh4 13. f4 Bd4+ 14. Kh2 Nd7 15. Qe1 Qh6 16. Be3 Ne5 17. fxe5 Bxe3 18. Qg3 Bd4 19. exd6 Qg7 20. Kh1 0-0 21. Rae1 Be5 22. Qe3 Bxd6 23. e5 Re8 24. Ne4 Qxe5 25. Nf6+ Kh8 26. Qg1 Qg3 27. Rxe8+ Kg7 28. Rg8+ Kh6 29. Rf3 Qh4 30. Rh8 1-0

[Event "Montreal Mercredi 04"]
[Site "Montreal"]
[Date "2014.04.02"]
[Round "1"]
[White "Boudreau, Daniel"]
[Black "Lebeau, Gilbert"]
[Result "0-1"]
[WhiteElo "2137"]
[BlackElo "2015"]
[PlyCount "44"]
[EventDate "2014.04.02"]
[EventType "swiss"]
[EventRounds "5"]
[EventCountry "CAN"]
[SourceTitle "EXT 2022"]
[Source "ChessBase"]
[SourceDate "2021.10.06"]
[SourceVersion "1"]
[SourceVersionDate "2021.10.06"]
[SourceQuality "1"]

1. e4 e6 2. d4 d5 3. e5 c5 4. c3 Qb6 5. Nf3 Nc6 6. a3 cxd4 7. cxd4 Nh6 8. b4 Bd7 9. Bb2 Be7 10. Bd3 0-0 11. h4 f6 12. Qc2 Rac8 13. Bxh7+ Kh8 14. Qd3 Na5 15. Nc3 Nc4 16. Bc1 fxe5 17. Bxh6 gxh6 18. Ng5 Qxd4 19. Qc2 Ne3 20. fxe3 Qxe3+ 21. Kd1 Rxc3 22. Qd2 Ba4+ 0-1

[Event "Mauricie op"]
[Site "Trois Rivieres "]
[Date "2014.03.15"]
[Round "3"]
[White "Dumouchel, Alain"]
[Black "Lebeau, Gilbert"]
[Result "0-1"]
[WhiteElo "1914"]
[BlackElo "2020"]
[PlyCount "82"]
[EventDate "2014.03.14"]
[EventType "swiss"]
[EventRounds "5"]
[EventCountry "CAN"]
[SourceTitle "EXT 2015"]
[Source "ChessBase"]
[SourceDate "2014.11.20"]
[SourceVersion "1"]
[SourceVersionDate "2014.11.20"]
[SourceQuality "1"]

1. e4 e6 2. d4 d5 3. exd5 exd5 4. Nf3 Nf6 5. Bd3 Bd6 6. 0-0 0-0 7. Bg5 Be6 8. Nbd2 Nbd7 9. Re1 c5 10. c4 Qb6 11. cxd5 Bxd5 12. Nc4 Bxc4 13. Bxc4 cxd4 14. Qxd4 Bc5 15. Qh4 h6 16. Be3 Bxe3 17. fxe3 Rfe8 18. Qd4 Qa5 19. b4 Qh5 20. e4 Ne5 21. Nxe5 Qxe5 22. Rad1 Qxd4+ 23. Rxd4 Re5 24. h3 Rae8 25. Bd3 h5 26. Kf2 h4 27. a4 R8e7 28. Rd8+ Kh7 29. Kf3 g5 30. b5 b6 31. Ra8 Kg7 32. Re2 Nh5 33. Rd8 Nf4 34. Ra2 Nxd3 35. Rxd3 Rxe4 36. g3 hxg3 37. Kxg3 Re3+ 38. Rxe3 Rxe3+ 39. Kg2 Kg6 40. a5 Rb3 41. axb6 axb6 0-1